All 2024 Olympic Medalists: Swimming - Statistics

General Stats
  • This quiz has been taken 152 times
  • The average score is 76 of 174
Answer Stats
Gender Event Medal Nationality/Team Medalist % Correct
Men's 200m Breaststroke Gold France Leon Marchand
92%
Men's 200m Butterfly Gold France Leon Marchand
92%
Men's 200m Medley Gold France Leon Marchand
92%
Men's 400m Medley Gold France Leon Marchand
92%
Men's 4x100m Medley Relay Bronze France Leon Marchand
92%
Women's 400m Freestyle Bronze USA Katie Ledecky
88%
Women's 800m Freestyle Gold USA Katie Ledecky
88%
Women's 1500m Freestyle Gold USA Katie Ledecky
88%
Women's 4x200m Freestyle Relay Silver USA Katie Ledecky
88%
Women's 400m Freestyle Silver Canada Summer McIntosh
77%
Women's 200m Butterfly Gold Canada Summer McIntosh
77%
Women's 200m Medley Gold Canada Summer McIntosh
77%
Women's 400m Medley Gold Canada Summer McIntosh
77%
Men's 4x100m Freestyle Relay Gold USA Caeleb Dressel
76%
Men's 4x100m Medley Relay Silver USA Caeleb Dressel
76%
Men's 100m Breaststroke Silver USA Nic Fink
74%
Men's 4x100m Medley Relay Silver USA Nic Fink
74%
Mixed 4x100m Medley Relay Gold USA Nic Fink
74%
Men's 100m Breaststroke Silver Great Britain Adam Peaty
73%
Men's 100m Freestyle Bronze Romania David Popovici
71%
Men's 200m Freestyle Gold Romania David Popovici
71%
Women's 200m Freestyle Silver Australia Ariane Titmus
67%
Women's 400m Freestyle Gold Australia Ariane Titmus
67%
Women's 800m Freestyle Silver Australia Ariane Titmus
67%
Women's 4x200m Freestyle Relay Gold Australia Ariane Titmus
67%
Women's 50m Freestyle Gold Sweden Sarah Sjostrom
67%
Women's 100m Freestyle Gold Sweden Sarah Sjostrom
67%
Men's 800m Freestyle Silver USA Bobby Finke
66%
Men's 1500m Freestyle Gold USA Bobby Finke
66%
Men's 100m Butterfly Gold Hungary Kristof Milak
66%
Men's 200m Butterfly Silver Hungary Kristof Milak
66%
Women's 100m Backstroke Silver USA Regan Smith
64%
Women's 200m Backstroke Silver USA Regan Smith
64%
Women's 200m Butterfly Silver USA Regan Smith
64%
Women's 4x100m Medley Relay Gold USA Regan Smith
64%
Men's 100m Freestyle Gold China Pan Zhanle
63%
Men's 4x100m Medley Relay Gold China Pan Zhanle
63%
Men's 4x200m Freestyle Relay Silver USA Kieran Smith
62%
Women's 100m Breaststroke Gold South Africa Tatjana Smith
62%
Women's 200m Breaststroke Silver South Africa Tatjana Smith
62%
Men's 100m Backstroke Gold Italy Thomas Ceccon
61%
Men's 4x100m Freestyle Relay Bronze Italy Thomas Ceccon
61%
Men's 200m Backstroke Gold Hungary Hubert Kos
60%
Women's 100m Freestyle Silver USA Torri Huske
60%
Women's 100m Butterfly Gold USA Torri Huske
60%
Women's 4x100m Freestyle Relay Silver USA Torri Huske
60%
Women's 4x100m Medley Relay Gold USA Torri Huske
60%
Mixed 4x100m Medley Relay Gold USA Torri Huske
60%
Women's 100m Butterfly Silver USA Gretchen Walsh
59%
Women's 4x100m Freestyle Relay Silver USA Gretchen Walsh
59%
Women's 4x100m Medley Relay Gold USA Gretchen Walsh
59%
Mixed 4x100m Medley Relay Gold USA Gretchen Walsh
59%
Men's 50m Freestyle Gold Australia Cameron McEvoy
58%
Men's 800m Freestyle Gold Ireland Daniel Wiffen
58%
Men's 1500m Freestyle Bronze Ireland Daniel Wiffen
58%
Men's 100m Freestyle Silver Australia Kyle Chalmers
58%
Men's 4x100m Freestyle Relay Silver Australia Kyle Chalmers
58%
Women's 4x100m Freestyle Relay Gold Australia Emma McKeon
57%
Women's 4x100m Medley Relay Silver Australia Emma McKeon
57%
Women's 100m Backstroke Gold Australia Kaylee McKeown
56%
Women's 200m Backstroke Gold Australia Kaylee McKeown
56%
Women's 200m Medley Bronze Australia Kaylee McKeown
56%
Women's 4x100m Medley Relay Silver Australia Kaylee McKeown
56%
Mixed 4x100m Medley Relay Bronze Australia Kaylee McKeown
56%
Men's 400m Freestyle Bronze South Korea Kim Woo-min
56%
Men's 100m Backstroke Bronze USA Ryan Murphy
53%
Men's 4x100m Medley Relay Silver USA Ryan Murphy
53%
Mixed 4x100m Medley Relay Gold USA Ryan Murphy
53%
Women's 200m Freestyle Gold Australia Mollie O'Callaghan
50%
Women's 4x100m Freestyle Relay Gold Australia Mollie O'Callaghan
50%
Women's 4x200m Freestyle Relay Gold Australia Mollie O'Callaghan
50%
Women's 4x100m Medley Relay Silver Australia Mollie O'Callaghan
50%
Mixed 4x100m Medley Relay Bronze Australia Mollie O'Callaghan
50%
Men's 400m Freestyle Gold Germany Lukas Martens
49%
Men's 50m Freestyle Bronze France Florent Manaudou
48%
Men's 4x100m Medley Relay Bronze France Florent Manaudou
48%
Women's 100m Freestyle Bronze Hong Kong Siobhan Haughey
48%
Women's 200m Freestyle Bronze Hong Kong Siobhan Haughey
48%
Men's 50m Freestyle Silver Great Britain Ben Proud
47%
Men's 100m Breaststroke Gold Italy Nicolo Martinenghi
47%
Men's 200m Medley Silver Great Britain Duncan Scott
46%
Men's 4x200m Freestyle Relay Gold Great Britain Duncan Scott
46%
Men's 100m Butterfly Bronze Canada Ilya Kharun
46%
Men's 200m Butterfly Bronze Canada Ilya Kharun
46%
Men's 800m Freestyle Bronze Italy Gregorio Paltrinieri
44%
Men's 1500m Freestyle Silver Italy Gregorio Paltrinieri
44%
Women's 4x100m Medley Relay Gold USA Lilly King
44%
Men's 200m Freestyle Silver Great Britain Matthew Richards
44%
Men's 4x200m Freestyle Relay Gold Great Britain Matthew Richards
44%
Women's 200m Breaststroke Gold USA Kate Douglass
43%
Women's 200m Medley Silver USA Kate Douglass
43%
Women's 4x100m Freestyle Relay Silver USA Kate Douglass
43%
Men's 200m Breaststroke Silver Australia Zac Stubblety-Cook
42%
Men's 4x100m Freestyle Relay Gold USA Jack Alexy
41%
Men's 400m Medley Bronze USA Carson Foster
40%
Men's 4x200m Freestyle Relay Silver USA Carson Foster
40%
Men's 4x200m Freestyle Relay Gold Great Britain James Guy
39%
Men's 200m Freestyle Bronze USA Luke Hobson
39%
Men's 4x200m Freestyle Relay Silver USA Luke Hobson
39%
Men's 4x100m Freestyle Relay Gold USA Hunter Armstrong
38%
Men's 4x100m Medley Relay Silver USA Hunter Armstrong
38%
Men's 4x100m Medley Relay Bronze France Maxime Grousset
36%
Men's 400m Freestyle Silver Australia Elijah Winnington
35%
Men's 4x200m Freestyle Relay Bronze Australia Elijah Winnington
35%
Men's 200m Breaststroke Bronze Netherlands Caspar Corbeau
34%
Men's 4x200m Freestyle Relay Gold Great Britain Tom Dean
34%
Men's 200m Backstroke Silver Greece Apostolos Christou
32%
Men's 4x100m Medley Relay Gold China Qin Haiyang
32%
Mixed 4x100m Medley Relay Silver China Qin Haiyang
32%
Women's 4x100m Freestyle Relay Gold Australia Shayna Jack
32%
Men's 4x100m Freestyle Relay Gold USA Chris Guiliano
30%
Women's 50m Freestyle Bronze China Zhang Yufei
30%
Women's 100m Butterfly Bronze China Zhang Yufei
30%
Women's 200m Butterfly Bronze China Zhang Yufei
30%
Women's 4x100m Freestyle Relay Bronze China Zhang Yufei
30%
Women's 4x100m Medley Relay Bronze China Zhang Yufei
30%
Mixed 4x100m Medley Relay Silver China Zhang Yufei
30%
Women's 400m Medley Silver USA Katie Grimes
29%
Women's 200m Backstroke Bronze Canada Kylie Masse
29%
Men's 100m Backstroke Silver China Xu Jiayu
29%
Men's 4x100m Medley Relay Gold China Xu Jiayu
29%
Mixed 4x100m Medley Relay Silver China Xu Jiayu
29%
Women's 800m Freestyle Bronze USA Paige Madden
28%
Women's 4x200m Freestyle Relay Silver USA Paige Madden
28%
Men's 4x100m Freestyle Relay Bronze Italy Alessandro Miressi
25%
Women's 100m Backstroke Bronze USA Katharine Berkoff
25%
Women's 50m Freestyle Silver Australia Meg Harris
25%
Women's 4x100m Freestyle Relay Gold Australia Meg Harris
25%
Women's 4x200m Freestyle Relay Silver USA Claire Weinstein
24%
Women's 100m Breaststroke Bronze Ireland Mona McSharry
24%
Men's 4x100m Medley Relay Bronze France Yohann Ndoye-Brouard
24%
Women's 1500m Freestyle Bronze Germany Isabel Marie Gose
23%
Women's 4x100m Freestyle Relay Silver USA Simone Manuel
23%
Men's 200m Medley Bronze China Wang Shun
23%
Women's 400m Medley Bronze USA Emma Weyant
22%
Men's 200m Backstroke Bronze Switzerland Roman Mityukov
22%
Men's 10km Open Water Bronze Hungary David Betlehem
21%
Women's 4x200m Freestyle Relay Gold Australia Lani Pallister
20%
Men's 10km Open Water Gold Hungary Kristof Rasovszky
19%
Women's 1500m Freestyle Silver France Anastasiya Kirpichnikova
18%
Men's 4x200m Freestyle Relay Silver USA Drew Kibler
17%
Men's 4x100m Freestyle Relay Silver Australia Flynn Southam
17%
Men's 4x200m Freestyle Relay Bronze Australia Flynn Southam
17%
Men's 4x100m Freestyle Relay Bronze Italy Manuel Frigo
17%
Women's 10km Open Water Gold Netherlands Sharon van Rouwendaal
17%
Women's 100m Breaststroke Silver China Tang Qianting
17%
Women's 4x100m Medley Relay Bronze China Tang Qianting
17%
Women's 200m Breaststroke Bronze Netherlands Tes Schouten
17%
Men's 400m Medley Silver Japan Tomoyuki Matsushita
17%
Men's 4x200m Freestyle Relay Bronze Australia Max Giuliani
16%
Women's 10km Open Water Silver Australia Moesha Johnson
14%
Men's 10km Open Water Silver Germany Oliver Klemet
14%
Women's 4x200m Freestyle Relay Silver USA Erin Gemmell
13%
Men's 4x100m Freestyle Relay Silver Australia Jack Cartwright
13%
Men's 4x100m Freestyle Relay Silver Australia Kai Taylor
13%
Women's 4x200m Freestyle Relay Bronze China Li Bingjie
13%
Mixed 4x100m Medley Relay Bronze Australia Matthew Temple
13%
Women's 4x100m Freestyle Relay Bronze China Yang Junxuan
13%
Women's 4x200m Freestyle Relay Bronze China Yang Junxuan
13%
Women's 4x100m Medley Relay Bronze China Yang Junxuan
13%
Mixed 4x100m Medley Relay Silver China Yang Junxuan
13%
Women's 4x200m Freestyle Relay Gold Australia Brianna Throssell
12%
Men's 4x100m Freestyle Relay Bronze Italy Paolo Conte Bonin
12%
Women's 10km Open Water Bronze Italy Ginevra Taddeucci
11%
Women's 4x100m Medley Relay Silver Australia Jenna Strauch
11%
Men's 4x100m Medley Relay Gold China Sun Jiajun
11%
Men's 4x200m Freestyle Relay Bronze Australia Thomas Neill
11%
Mixed 4x100m Medley Relay Bronze Australia Joshua Yong
10%
Women's 4x100m Freestyle Relay Bronze China Cheng Yujie
9%
Women's 4x100m Freestyle Relay Bronze China Wu Qingfeng
9%
Women's 4x200m Freestyle Relay Bronze China Ge Chutong
8%
Men's 100m Butterfly Silver Canada Joshua Leindo
8%
Women's 4x200m Freestyle Relay Bronze China Liu Yaxin
8%
Women's 4x100m Medley Relay Bronze China Wan Letian
8%
No matching quizzes found
Score Distribution
Percent of People with Each Score
Percentile by Number Answered
Your Score History
You have not taken this quiz